Oversight hearings on Federal enforcement of equal employment opportunity laws : oversight hearings before the Subcommittee on Equal Opportunities of the Committee on Education and Labor, House of Representatives, Ninety-fourth Congress, first session ...
| Corporate Authors: | , |
|---|---|
| Format: | eBook |
| Language: | English |
| Published: |
Washington :
U.S. Govt. Print. Off,
1975.
|
| Series: | U.S. Congressional Hearings.
|
| Subjects: | |
| Online Access: | Connect to the full text of this electronic book Connect to the full text of this electronic book Connect to the full text of this electronic book |
MARC
| Tag | First Indicator | Second Indicator | Subfields |
|---|---|---|---|
| LEADER | 00000cam a22000001a 4500 | ||
| 001 | in00003201739 | ||
| 006 | m d f | ||
| 007 | cr bn mmmapmmp | ||
| 008 | 090922s1975 dcu o f000 0 eng d | ||
| 005 | 20260511183822.6 | ||
| 035 | |a cis2007440669 | ||
| 040 | |a UMI |c UMI |d UtOrBLW | ||
| 043 | |a n-us--- | ||
| 099 | |a HRG-1975-EDL-0011 | ||
| 099 | |a HRG-1975-EDL-0004 | ||
| 099 | |a HRG-1976-EDL-0034 | ||
| 110 | 1 | |a United States. |b Congress. |b House. |b Committee on Education and Labor. |b Subcommittee on Equal Opportunities. | |
| 245 | 1 | 0 | |a Oversight hearings on Federal enforcement of equal employment opportunity laws : |b oversight hearings before the Subcommittee on Equal Opportunities of the Committee on Education and Labor, House of Representatives, Ninety-fourth Congress, first session ... |
| 264 | 1 | |a Washington : |b U.S. Govt. Print. Off, |c 1975. | |
| 300 | |a 1 online resource. | ||
| 336 | |a text |b txt |2 rdacontent | ||
| 337 | |a computer |b c |2 rdamedia | ||
| 338 | |a online resource |b cr |2 rdacarrier | ||
| 500 | |a Record is based on bibliographic data in ProQuest Congressional Hearings Digital Collection. Reuse except for individual research requires license from ProQuest, LLC. | ||
| 538 | |a System requirements: PDF reader software. | ||
| 500 | |a Electronic resource. | ||
| 650 | 0 | |a Discrimination in employment |x Law and legislation |z United States. | |
| 650 | 0 | |a Public contracts |z United States. | |
| 655 | 7 | |a Electronic books. |2 local | |
| 710 | 2 | |a ProQuest (Firm) | |
| 776 | 0 | 8 | |i Print version: |a United States. Congress. House. Committee on Education and Labor. Subcommittee on Equal Opportunities. |t Oversight hearings on Federal enforcement of equal employment opportunity laws |w (DLC)75603505 |
| 776 | 0 | 8 | |i Microfiche version: |a United States. Congress. House. Committee on Education and Labor. Subcommittee on Equal Opportunities. |t Oversight hearings on Federal enforcement of equal employment opportunity laws. |d [Bethesda, Md.] : ProQuest,[2004] |o CIS 76 H341-1 (pt. 1) |o CIS 76 H341-12 (pt. 2) |o CIS 76 H341-54 (pt. 3) |w (ProQuest)cis07600736 |
| 830 | 0 | |a U.S. Congressional Hearings. | |
| 856 | 4 | 0 | |u http://proxy.library.tamu.edu/login?url=https://congressional.proquest.com/congcomp/getdoc?HEARING-ID=HRG-1975-EDL-0011 |z Connect to the full text of this electronic book |t 0 |
| 856 | 4 | 0 | |u http://proxy.library.tamu.edu/login?url=https://congressional.proquest.com/congcomp/getdoc?HEARING-ID=HRG-1975-EDL-0004 |z Connect to the full text of this electronic book |t 0 |
| 856 | 4 | 0 | |u http://proxy.library.tamu.edu/login?url=https://congressional.proquest.com/congcomp/getdoc?HEARING-ID=HRG-1976-EDL-0034 |z Connect to the full text of this electronic book |t 0 |
| 998 | |a cis07600736 | ||
| 999 | |a MARS | ||
| 999 | f | f | |s 5a0240b5-56a1-37c6-b5c5-ddc200d94728 |i 6707d78d-c973-347e-a9f7-6956d2c0e338 |t 0 |
| 952 | f | f | |a Texas A&M University |b College Station |c Electronic Resources |s www_evans |d Available Online |t 0 |e HRG-1976-EDL-0034 |h Other scheme |
| 998 | f | f | |a HRG-1976-EDL-0034 |t 0 |l Available Online |